000 00512nam a2200181Ia 4500
005 20250326124143.0
008 250326s9999 xx 000 0 und d
037 _aTextbook
040 _aFMSL
_beng
_cFMSL
041 _aeng
_2eng
084 _aX:5.4 L0
_qFMSL
100 _aCorbet H
_9736873
245 0 _aTrade strategy and the Asian-pacific region
_cCorbet H
260 _aLondon
_bLondon, George Allen And Unwin
_c1970
300 _a221p
942 _cTB
_hX:5.4 L0
999 _c1272504
_d1272504